00000000nam 2200000zi 4500
0019.942779
003CaOODSP
00520250110151110
006m     o  d f      
007cr |n|||||||||
008240118s1972    oncdb   ob   f|0| 0 eng d
040 |aCaOODSP|beng|erda|cCaOODSP
043 |an-cn-nt
0861 |aCW66-1542/1972E-PDF
1001 |aHawley, Vernon D., |eauthor.
24510|aAerial beaver censuses on the Mackenzie Delta, N.W.T. / |cVernon D. Hawley and Denis A. Benson.
264 1|a[Ottawa] : |b[Canadian Wildlife Service], |c[1972]
300 |a1 online resource (67 pages) : |bcharts, maps
336 |atext|btxt|2rdacontent
337 |acomputer|bc|2rdamedia
338 |aonline resource|bcr|2rdacarrier
500 |aDigitized edition from print [produced by Environment and Climate Change Canada].
504 |aIncludes bibliographical references (pages 66-67).
650 0|aBeavers|zMackenzie River Delta (N.W.T. and Yukon)
650 0|aZoological surveys|zMackenzie River Delta (N.W.T. and Yukon)
650 6|aCastors|zMackenzie, Delta du (T.N.-O. et Yukon)
650 6|aInventaires fauniques|zMackenzie, Delta du (T.N.-O. et Yukon)
7102 |aCanadian Wildlife Service, |eissuing body.
85640|qPDF|s20.80 MB|uhttps://publications.gc.ca/collections/collection_2025/eccc/cw66/CW66-1542-1972-eng.pdf